000 00801nam a2200265 a 4500
001 60398
003 BD-RjUL
005 20211209080832.0
008 161229s1987 enk 001 0 eng d
020 _a0582901189
035 _a(BD-RjUL)60522
040 _aBD-RjUL
_beng
_cBD-RjUL
041 _aeng
082 _223
_a379.114
_bOPE 1987
245 0 0 _aOpen learning for adults /
_cedited by Mary Thorpe and David Grugeon
260 _aHarlow :
_bLongman,
_c1987
300 _a313 p :
_bill ;
_c22 cm
490 0 _aLongman open learning
500 _aIncludes index.
650 0 _aAdult education
_zGreat Britain
_xManagement
_9179746
650 0 _aDistance education
_zGreat Britain
_xManagement
_9179747
700 1 _aThorpe, Mary.
_9179748
700 1 _aGrugeon, David.
_9179749
942 _2ddc
_cBK
999 _c60398
_d60398